[Event "GER-chT U12"]
[Site "Magdeburg"]
[Date "2023.12.30"]
[Round "7.3"]
[White "Meijers, Janis1"]
[Black "Nguyen, Bach Khoi"]
[Result "0-1"]
[WhiteElo "1418"]
[BlackElo "1262"]
[PlyCount "62"]
[EventDate "2023.12.26"]
[EventType "team-swiss"]
[EventRounds "7"]
[EventCountry "GER"]
[SourceTitle "CB03_2024"]
[SourceDate "2024.01.17"]
[SourceVersion "1"]
[SourceVersionDate "2024.01.17"]
[SourceQuality "1"]
[WhiteTeam "Solingen"]
[BlackTeam "Oberschoeneweide"]
[WhiteTeamCountry "GER"]
[BlackTeamCountry "GER"]

1. d4 d5 2. c4 dxc4 3. e4 Nf6 4. Nc3 e5 5. Qa4+ Bd7 6. Qxc4 exd4 7. Qxd4 Nc6 8. Qd1 Bb4 9. Nge2 Nxe4 10. a3 Qf6 11. Be3 Nxc3 12. bxc3 Bxc3+ 13. Nxc3 Qxc3+ 14. Bd2 Qe5+ 15. Be3 Rd8 16. Qc1 Nd4 17. Bc4 Nc2+ 18. Qxc2 Qxa1+ 19. Bc1 Qe5+ 20. Be3 Bf5 21. Qe2 0-0 22. 0-0 Qd6 23. Qb2 b6 24. Qc3 Qf6 25. Qc1 h6 26. Ba2 c5 27. a4 Qg6 28. Bf4 Bd3 29. Re1 Rfe8 30. Rd1 Be4 31. Rxd8 Qxg2# 0-1

[Event "GER-chT U12"]
[Site "Magdeburg"]
[Date "2023.12.29"]
[Round "6.6"]
[White "Nguyen, Bach Khoi"]
[Black "Li, Joshua2"]
[Result "0-1"]
[WhiteElo "1262"]
[BlackElo "1368"]
[PlyCount "106"]
[EventDate "2023.12.26"]
[EventType "team-swiss"]
[EventRounds "7"]
[EventCountry "GER"]
[SourceTitle "CB03_2024"]
[SourceDate "2024.01.17"]
[SourceVersion "1"]
[SourceVersionDate "2024.01.17"]
[SourceQuality "1"]
[WhiteTeam "Oberschoeneweide"]
[BlackTeam "Chemnitz USG"]
[WhiteTeamCountry "GER"]
[BlackTeamCountry "GER"]

1. e4 c5 2. Nf3 e6 3. d4 cxd4 4. Nxd4 Nf6 5. Nc3 Nc6 6. Bf4 d6 7. Nxc6 bxc6 8. Bd3 e5 9. Bg3 Be6 10. Qd2 Be7 11. Rd1 Qc7 12. Qe2 0-0 13. 0-0 Qb6 14. b3 Bg4 15. Qd2 Bxd1 16. Rxd1 Nd7 17. Bc4 Rad8 18. Kh1 Nf6 19. f3 Qc7 20. Bf2 Rd7 21. b4 d5 22. exd5 Rfd8 23. a3 Nxd5 24. Nxd5 cxd5 25. Bb5 Rd6 26. Bc5 Rh6 27. Bxe7 Qxe7 28. c4 Qh4 29. h3 a6 30. Ba4 Qxc4 31. Qg5 Qc7 32. Rc1 Rg6 33. Qe3 Qe7 34. Bc2 Rg3 35. Kh2 Qg5 36. Qxg5 Rxg5 37. g4 e4 38. fxe4 dxe4 39. Bxe4 Re5 40. Bf3 Re3 41. Bd5 Kf8 42. Bb7 Rd2+ 43. Kg1 Rxa3 44. Re1 g5 45. Bc6 Rb2 46. b5 axb5 47. Be4 Rxh3 48. Bg2 Rg3 49. Kh1 h5 50. gxh5 Rgxg2 51. h6 Rh2+ 52. Kg1 Rxh6 53. Kf1 Rh1# 0-1

[Event "GER-chT U12"]
[Site "Magdeburg"]
[Date "2023.12.28"]
[Round "4.5"]
[White "Nguyen, Bach Khoi"]
[Black "Mueller, Anker"]
[Result "0-1"]
[WhiteElo "1262"]
[BlackElo "1548"]
[PlyCount "152"]
[EventDate "2023.12.26"]
[EventType "team-swiss"]
[EventRounds "7"]
[EventCountry "GER"]
[SourceTitle "CB03_2024"]
[SourceDate "2024.01.17"]
[SourceVersion "1"]
[SourceVersionDate "2024.01.17"]
[SourceQuality "1"]
[WhiteTeam "Oberschoeneweide"]
[BlackTeam "Berlin Empor"]
[WhiteTeamCountry "GER"]
[BlackTeamCountry "GER"]

1. e4 c6 2. d4 d5 3. e5 Bf5 4. h4 Qb6 5. g4 Bd7 6. Nc3 e6 7. Nf3 c5 8. Ne2 Nc6 9. c3 Nge7 10. Be3 h5 11. gxh5 Nf5 12. Bh3 Nxe3 13. fxe3 0-0-0 14. Ng5 Be7 15. Nxf7 Qxb2 16. Bg4 cxd4 17. Nxd8 Nxe5 18. Rb1 Qa3 19. Nf7 Nxf7 20. exd4 Nh6 21. Bf3 Rf8 22. 0-0 Nf5 23. Bg2 Bxh4 24. Qb3 Qxb3 25. Rxb3 Rh8 26. Nf4 Bg3 27. Ne2 Rxh5 28. Nxg3 Nxg3 29. Rf7 Rg5 30. Kh2 Nf5 31. Rxd7 Kxd7 32. Rxb7+ Kc6 33. Rxa7 Rh5+ 34. Kg1 Rg5 35. Kf2 Nh4 36. Bh3 Nf5 37. Ra6+ Kd7 38. Bf1 Ng3 39. Bb5+ Ke7 40. c4 Ne4+ 41. Ke2 Nd6 42. Rc6 Rg2+ 43. Kf3 Rxa2 44. Rc7+ Kf6 45. Rc6 Nxb5 46. cxb5 Ra3+ 47. Kf2 Rd3 48. Rc2 Rxd4 49. Rb2 Rc4 50. b6 Rc8 51. b7 Rb8 52. Kf3 Kf5 53. Rb5 g5 54. Kg3 g4 55. Rb4 e5 56. Kf2 d4 57. Rb3 Kf4 58. Rb6 g3+ 59. Kg2 e4 60. Rf6+ Ke3 61. Kxg3 Rxb7 62. Rf1 Rg7+ 63. Kh3 Ke2 64. Rf4 Ke3 65. Rf1 d3 66. Re1+ Kd4 67. Ra1 e3 68. Ra4+ Kc3 69. Ra3+ Kd2 70. Ra2+ Ke1 71. Ra1+ Kf2 72. Ra3 d2 73. Ra2 Ke1 74. Ra4 d1Q 75. Rh4 Qf3+ 76. Kh2 Qg2# 0-1

[Event "GER-chT U10"]
[Site "Magdeburg"]
[Date "2021.08.07"]
[Round "5.4"]
[White "Burban, Victor"]
[Black "Nguyen, Bach Khoi"]
[Result "0-1"]
[WhiteElo "1272"]
[BlackElo "1086"]
[PlyCount "82"]
[EventDate "2021.08.06"]
[EventType "team-swiss"]
[EventRounds "7"]
[EventCountry "GER"]
[SourceTitle "EXT 2022"]
[Source "ChessBase"]
[SourceDate "2021.10.06"]
[SourceVersion "1"]
[SourceVersionDate "2021.10.06"]
[SourceQuality "1"]
[WhiteTeam "Paderborn"]
[BlackTeam "Oberschoeneweide"]
[WhiteTeamCountry "GER"]
[BlackTeamCountry "GER"]

1. e4 e5 2. Nf3 Nc6 3. Nc3 Nf6 4. Bb5 Nd4 5. Ba4 Bc5 6. Nxe5 Qe7 7. Nd3 Nxe4 8. 0-0 Nf6 9. Nxc5 Qxc5 10. Re1+ Ne6 11. d4 Qf5 12. d5 0-0 13. dxe6 fxe6 14. Be3 a6 15. a3 b5 16. Bb3 Bb7 17. Bd4 Qg6 18. f3 Nh5 19. Rf1 Nf4 20. Qd2 Qg5 21. Be3 d6 22. Bxe6+ Kh8 23. Bxf4 Rxf4 24. Bd5 c6 25. Be4 d5 26. Bd3 Qf6 27. Rfe1 Rf8 28. Ne2 Rh4 29. Nc3 Qd6 30. g3 Rh6 31. Kg2 c5 32. Rad1 Qd7 33. h4 Qf7 34. Be2 Re6 35. Nxd5 Rd6 36. Qg5 Bxd5 37. Qe5 Bxf3+ 38. Kg1 Rg6 39. Bxf3 Qxf3 40. Qe7 Rxg3+ 41. Kh2 Qg2# 0-1

[Event "GER-chT U10"]
[Site "Magdeburg"]
[Date "2021.08.07"]
[Round "3.4"]
[White "Gulamzada, Elmir"]
[Black "Nguyen, Bach Khoi"]
[Result "0-1"]
[WhiteElo "1390"]
[BlackElo "1086"]
[PlyCount "38"]
[EventDate "2021.08.06"]
[EventType "team-swiss"]
[EventRounds "7"]
[EventCountry "GER"]
[SourceTitle "EXT 2022"]
[Source "ChessBase"]
[SourceDate "2021.10.06"]
[SourceVersion "1"]
[SourceVersionDate "2021.10.06"]
[SourceQuality "1"]
[WhiteTeam "Werder Bremen"]
[BlackTeam "Oberschoeneweide"]
[WhiteTeamCountry "GER"]
[BlackTeamCountry "GER"]

1. e4 e5 2. Nf3 Nc6 3. Bc4 Nf6 4. 0-0 Bc5 5. d3 d6 6. c3 a6 7. d4 exd4 8. cxd4 Ba7 9. Nc3 0-0 10. Bg5 Re8 11. Re1 Bg4 12. Qb3 Qe7 13. e5 Bxf3 14. exf6 Qxe1+ 15. Rxe1 Rxe1+ 16. Bf1 Nxd4 17. Qc4 Be2 18. Nxe2 Nxe2+ 19. Kh1 Rxf1# 0-1

[Event "GER-chT U10"]
[Site "Magdeburg"]
[Date "2021.08.07"]
[Round "4.3"]
[White "Nguyen, Bach Khoi"]
[Black "Middendorf, Sven Jonas"]
[Result "0-1"]
[WhiteElo "1086"]
[BlackElo "1407"]
[PlyCount "62"]
[EventDate "2021.08.06"]
[EventType "team-swiss"]
[EventRounds "7"]
[EventCountry "GER"]
[SourceTitle "EXT 2022"]
[Source "ChessBase"]
[SourceDate "2021.10.06"]
[SourceVersion "1"]
[SourceVersionDate "2021.10.06"]
[SourceQuality "1"]
[WhiteTeam "Oberschoeneweide"]
[BlackTeam "Nauen Hellas"]
[WhiteTeamCountry "GER"]
[BlackTeamCountry "GER"]

1. e4 e5 2. Nf3 Nc6 3. Bc4 Bc5 4. c3 Nf6 5. d3 h6 6. Bb3 d6 7. 0-0 Bg4 8. h3 Be6 9. Bc2 Bb6 10. Nbd2 Qd7 11. Re1 g5 12. Nh2 g4 13. h4 g3 14. Rf1 gxh2+ 15. Kh1 Rg8 16. Nf3 Bh3 17. Ne1 Qg4 18. Qxg4 Bxg4 19. Bxh6 Be2 20. Nf3 Bxf1 21. Rxf1 Ng4 22. Bg5 f6 23. Bd2 Bxf2 24. Bb3 Rg7 25. Be6 Bg1 26. Nxg1 hxg1Q+ 27. Kxg1 Ke7 28. Bf5 Rh8 29. Be1 Ne3 30. Rf3 Nxg2 31. Bg3 Nxh4 0-1